[Event "All China Games 4th"]
[Site "Hefei"]
[Date "2010.05.20"]
[Round "11"]
[White "Liang, Jinrong"]
[Black "Du, Shan"]
[Result "1/2-1/2"]
[WhiteElo "2462"]
[BlackElo "2378"]
[PlyCount "22"]
[EventDate "2010.05.17"]
[EventType "swiss (rapid)"]
[EventRounds "11"]
[EventCountry "CHN"]
[SourceTitle "CBM 136 Extra"]
[Source "ChessBase"]
[SourceDate "2010.07.02"]
[SourceVersion "2"]
[SourceVersionDate "2010.07.15"]
[SourceQuality "1"]

1. e4 e5 2. Nf3 d6 3. d4 Nd7 4. Bc4 c6 5. 0-0 Be7 6. Ng5 Bxg5 7. Qh5 Qe7 8. dxe5 dxe5 9. Bxg5 Ngf6 10. Qe2 h6 11. Bxf6 Nxf6 1/2-1/2

[Event "All China Games 4th"]
[Site "Hefei"]
[Date "2010.05.19"]
[Round "7"]
[White "Du, Shan"]
[Black "Hong, Jiarong"]
[Result "1/2-1/2"]
[WhiteElo "2378"]
[BlackElo "2372"]
[PlyCount "31"]
[EventDate "2010.05.17"]
[EventType "swiss (rapid)"]
[EventRounds "11"]
[EventCountry "CHN"]
[SourceTitle "CBM 136 Extra"]
[Source "ChessBase"]
[SourceDate "2010.07.02"]
[SourceVersion "2"]
[SourceVersionDate "2010.07.15"]
[SourceQuality "1"]

1. d4 d5 2. Nf3 Nf6 3. Bf4 e6 4. e3 c5 5. c3 Nc6 6. Nbd2 Bd6 7. Bg3 Qc7 8. Be2 e5 9. dxe5 Nxe5 10. 0-0 0-0 11. c4 dxc4 12. Nxc4 Nxf3+ 13. Bxf3 Bxg3 14. hxg3 Be6 15. Qd6 Rac8 16. Rac1 1/2-1/2

[Event "All China Games 4th"]
[Site "Hefei"]
[Date "2010.05.19"]
[Round "9"]
[White "Yu, Lie"]
[Black "Du, Shan"]
[Result "0-1"]
[WhiteElo "2443"]
[BlackElo "2378"]
[PlyCount "134"]
[EventDate "2010.05.17"]
[EventType "swiss (rapid)"]
[EventRounds "11"]
[EventCountry "CHN"]
[SourceTitle "CBM 136 Extra"]
[Source "ChessBase"]
[SourceDate "2010.07.02"]
[SourceVersion "2"]
[SourceVersionDate "2010.07.15"]
[SourceQuality "1"]

1. e4 e5 2. Nf3 d6 3. d4 Nd7 4. Bc4 c6 5. Nc3 Be7 6. dxe5 dxe5 7. Ng5 Bxg5 8. Qh5 Qe7 9. Bxg5 Ngf6 10. Qe2 h6 11. Bh4 Nf8 12. 0-0-0 Ng6 13. Bg3 0-0 14. h4 b5 15. Bb3 a5 16. h5 Bg4 17. f3 Nxh5 18. Bf2 Nhf4 19. Qf1 Bc8 20. g3 Ne6 21. Bxe6 Bxe6 22. Be3 a4 23. Qf2 b4 24. Ne2 Rfd8 25. Bc5 Qb7 26. a3 b3 27. c3 Qb5 28. Kb1 Bc4 29. Nc1 Bd3+ 30. Ka1 Bc2 31. Rde1 Rd7 32. Be3 Qc4 33. Bb6 Ne7 34. Be3 Nc8 35. Qh2 Qe6 36. g4 f6 37. Bxh6 gxh6 38. Qxh6 Rg7 39. Ne2 Kf7 40. Ng3 Ne7 41. Qh5+ Kf8 42. Qh8+ Qg8 43. Qh6 Kf7 44. Qh5+ Ke6 45. Qh3 Kd6 46. Qh6 Rg6 47. Qe3 c5 48. Rh2 Kc6 49. Rd2 Qf7 50. Ne2 Rgg8 51. Nc1 Rad8 52. Rh2 Rh8 53. Rg2 Ng6 54. g5 f5 55. Qe2 Kb6 56. Rgg1 f4 57. Qf2 Rd6 58. Rh1 Rhd8 59. Qf1 Rd1 60. Qh3 Rh8 61. Qg2 Rxh1 62. Qxh1 Qd7 63. c4 Qd2 64. Rxd1 Bxd1 65. Nd3 Qxd3 66. Qe1 Qe2 67. Qc3 Qf1 0-1

[Event "All China Games 4th"]
[Site "Hefei"]
[Date "2010.05.18"]
[Round "3"]
[White "Du, Shan"]
[Black "Hou, Yifan"]
[Result "0-1"]
[WhiteElo "2378"]
[BlackElo "2589"]
[PlyCount "66"]
[EventDate "2010.05.17"]
[EventType "swiss (rapid)"]
[EventRounds "11"]
[EventCountry "CHN"]
[SourceTitle "CBM 136 Extra"]
[Source "ChessBase"]
[SourceDate "2010.07.02"]
[SourceVersion "2"]
[SourceVersionDate "2010.07.15"]
[SourceQuality "1"]

1. e4 e6 2. d3 d5 3. Nd2 Nf6 4. g3 c5 5. Bg2 Nc6 6. Ne2 Be7 7. 0-0 0-0 8. h3 b5 9. f4 b4 10. g4 dxe4 11. dxe4 Ba6 12. Re1 Qb6 13. Ng3 Rad8 14. Kh2 c4 15. c3 Rd3 16. Qe2 bxc3 17. bxc3 Rxc3 18. Rb1 Qc7 19. Nf3 Rd8 20. g5 Ne8 21. e5 Nb4 22. Ne4 Rc2 23. Qf1 c3 24. Qg1 Nd3 25. Re3 Nxf4 26. Rxc3 Rxc3 27. Bxf4 Rc2 28. Nd4 Rxg2+ 29. Kxg2 Bb7 30. Qe3 Bc5 31. Rd1 Qb6 32. Nxe6 Bxe3 33. Rxd8 Bxe4+ 0-1

[Event "All China Games 4th"]
[Site "Hefei"]
[Date "2010.05.18"]
[Round "4"]
[White "Du, Shan"]
[Black "Wang, Yu A"]
[Result "1/2-1/2"]
[WhiteElo "2378"]
[BlackElo "2337"]
[PlyCount "34"]
[EventDate "2010.05.17"]
[EventType "swiss (rapid)"]
[EventRounds "11"]
[EventCountry "CHN"]
[SourceTitle "CBM 136 Extra"]
[Source "ChessBase"]
[SourceDate "2010.07.02"]
[SourceVersion "2"]
[SourceVersionDate "2010.07.15"]
[SourceQuality "1"]

1. d4 d5 2. Nf3 Nf6 3. e3 c6 4. Bd3 e6 5. 0-0 Nbd7 6. b3 Be7 7. Bb2 0-0 8. Nbd2 b6 9. Ne5 Nxe5 10. dxe5 Nd7 11. c4 Bb7 12. f4 Qe8 13. e4 Nc5 14. Bc2 Rd8 15. Qe2 Nxe4 16. Nxe4 dxe4 17. Bxe4 Ba8 1/2-1/2

[Event "All China Games 4th"]
[Site "Hefei"]
[Date "2010.05.18"]
[Round "6"]
[White "Tian, Tian"]
[Black "Du, Shan"]
[Result "1/2-1/2"]
[WhiteElo "2235"]
[BlackElo "2378"]
[PlyCount "69"]
[EventDate "2010.05.17"]
[EventType "swiss (rapid)"]
[EventRounds "11"]
[EventCountry "CHN"]
[SourceTitle "CBM 136 Extra"]
[Source "ChessBase"]
[SourceDate "2010.07.02"]
[SourceVersion "2"]
[SourceVersionDate "2010.07.15"]
[SourceQuality "1"]

1. e4 e5 2. Nf3 d6 3. d4 Nd7 4. Bc4 c6 5. 0-0 Be7 6. Nc3 Ngf6 7. a3 0-0 8. Re1 Qc7 9. Bg5 Re8 10. Bh4 h6 11. Bg3 b5 12. Ba2 a6 13. Qd2 Nh5 14. Rad1 Nxg3 15. hxg3 Nf8 16. Nh4 Bg5 17. Qd3 Bf6 18. dxe5 dxe5 19. Nf5 Ne6 20. Ne2 Nd4 21. g4 Nxf5 22. gxf5 Rd8 23. Qf3 Bb7 24. Ng3 Qe7 25. Qe3 Rxd1 26. Rxd1 Rd8 27. Rxd8+ Qxd8 28. Qa7 Qc7 29. Nf1 Bd8 30. Ne3 Qb6 31. Qb8 Qc7 32. Qa7 Qb6 33. Qb8 Qc7 34. Qa7 Qb6 35. Qb8 1/2-1/2

[Event "All China Games 4th"]
[Site "Hefei"]
[Date "2010.05.17"]
[Round "1"]
[White "Li, Shilong"]
[Black "Du, Shan"]
[Result "1-0"]
[WhiteElo "2514"]
[BlackElo "2378"]
[PlyCount "82"]
[EventDate "2010.05.17"]
[EventType "swiss (rapid)"]
[EventRounds "11"]
[EventCountry "CHN"]
[SourceTitle "CBM 136 Extra"]
[Source "ChessBase"]
[SourceDate "2010.07.02"]
[SourceVersion "2"]
[SourceVersionDate "2010.07.15"]
[SourceQuality "1"]

1. d4 d5 2. c4 e6 3. Nc3 f5 4. Bf4 c6 5. e3 Nf6 6. Bd3 Bd6 7. Nge2 0-0 8. 0-0 Qe7 9. Qc2 a6 10. c5 Bxf4 11. exf4 Qc7 12. b4 Bd7 13. a4 Ne4 14. g3 Be8 15. f3 Nf6 16. Nc1 h6 17. Re1 Bf7 18. Bf1 g5 19. fxg5 hxg5 20. Qd2 Nh7 21. Nd3 Nd7 22. Ne5 Nxe5 23. Rxe5 Kh8 24. Bd3 Bg8 25. Ne2 Qg7 26. Kg2 g4 27. fxg4 Qxg4 28. Nf4 Nf6 29. Qe2 Qg5 30. Rxe6 Rfe8 31. Re5 Ne4 32. Bxe4 Rxe5 33. dxe5 fxe4 34. Rf1 Re8 35. h4 Qf5 36. g4 Qh7 37. h5 Bf7 38. Qe3 Rxe5 39. Nh3 Qg7 40. Kh2 Re7 41. Ng5 Bg8 1-0

[Event "Shandong zt 3.5"]
[Site "Shandong"]
[Date "2007.05.04"]
[Round "7"]
[White "Wang, Li"]
[Black "Du, Shan"]
[Result "0-1"]
[WhiteElo "2337"]
[BlackElo "2399"]
[PlyCount "126"]
[EventDate "2007.04.28"]
[EventType "swiss"]
[EventRounds "9"]
[EventCountry "CHN"]
[SourceTitle "CBM 118 Extra"]
[Source "ChessBase"]
[SourceDate "2007.07.04"]
[SourceVersion "1"]
[SourceVersionDate "2007.07.04"]
[SourceQuality "1"]

1. e4 e5 2. Nf3 d6 3. Bc4 c6 4. d3 Be7 5. Bb3 Nf6 6. 0-0 0-0 7. Re1 Bg4 8. Nbd2 Nbd7 9. h3 Bh5 10. Nf1 Nc5 11. Ng3 Bg6 12. Nh4 Nxb3 13. axb3 Ne8 14. Nhf5 Bh4 15. d4 Bxg3 16. Nxg3 Nc7 17. Be3 b6 18. dxe5 dxe5 19. Qg4 Qc8 20. Red1 Qxg4 21. hxg4 Rfc8 22. b4 Kf8 23. Ra4 Nd5 24. exd5 Bxc2 25. Raa1 Bxd1 26. Rxd1 cxd5 27. Rxd5 f6 28. Bd2 Rd8 29. Rxd8+ Rxd8 30. Bc3 Rd1+ 31. Kh2 Kf7 32. Nf5 Rd3 33. Ne3 Ke6 34. Kg3 g6 35. Kf3 f5 36. Ke2 Rd7 37. gxf5+ gxf5 38. g3 h5 39. Nc4 Rc7 40. Nd2 Rd7 41. Ke3 Rd8 42. Kf3 Rd3+ 43. Ke2 Rd7 44. Kf1 f4 45. Kg2 Kf5 46. Nf3 fxg3 47. Kxg3 Rd3 48. Kg2 e4 49. Nd4+ Kf4 50. Ne2+ Kg4 51. Ng3 e3 52. fxe3 Rxe3 53. Nh1 Re2+ 54. Nf2+ Kf4 55. Bd4 Rc2 56. Kg1 Kf3 57. Nh1 Rg2+ 58. Kf1 Rd2 59. Bc3 Rh2 60. Kg1 Rg2+ 61. Kf1 h4 62. Be1 h3 63. Bf2 Rh2 0-1

[Event "Shandong zt 3.5"]
[Site "Shandong"]
[Date "2007.05.02"]
[Round "5"]
[White "Xiu, Deshun"]
[Black "Du, Shan"]
[Result "1-0"]
[WhiteElo "2289"]
[BlackElo "2399"]
[PlyCount "37"]
[EventDate "2007.04.28"]
[EventType "swiss"]
[EventRounds "9"]
[EventCountry "CHN"]
[SourceTitle "CBM 118 Extra"]
[Source "ChessBase"]
[SourceDate "2007.07.04"]
[SourceVersion "1"]
[SourceVersionDate "2007.07.04"]
[SourceQuality "1"]

1. d4 Nf6 2. c4 e6 3. Nf3 b6 4. g3 Ba6 5. b3 Bb4+ 6. Bd2 Be7 7. Bg2 c6 8. Bc3 d5 9. Ne5 Nfd7 10. Nxd7 Qxd7 11. Nd2 0-0 12. e4 Bb7 13. 0-0 c5 14. exd5 exd5 15. dxc5 Bxc5 16. cxd5 Bxd5 17. Ne4 Bb7 18. Nf6+ gxf6 19. Bxb7 1-0

[Event "Shandong zt 3.5"]
[Site "Shandong"]
[Date "2007.04.30"]
[Round "3"]
[White "Lou, Yiping"]
[Black "Du, Shan"]
[Result "1/2-1/2"]
[WhiteElo "2268"]
[BlackElo "2399"]
[PlyCount "68"]
[EventDate "2007.04.28"]
[EventType "swiss"]
[EventRounds "9"]
[EventCountry "CHN"]
[SourceTitle "CBM 118 Extra"]
[Source "ChessBase"]
[SourceDate "2007.07.04"]
[SourceVersion "1"]
[SourceVersionDate "2007.07.04"]
[SourceQuality "1"]

1. d4 d5 2. c4 e6 3. Nc3 Nf6 4. Nf3 c6 5. e3 Bd6 6. Bd3 Nbd7 7. 0-0 0-0 8. e4 dxe4 9. Nxe4 Nxe4 10. Bxe4 Nf6 11. Bc2 h6 12. b3 Qe7 13. Qd3 Rd8 14. Re1 b6 15. a4 Ba6 16. Bb2 Kf8 17. Nh4 Bb4 18. Re2 Nh5 19. Qe4 Bb7 20. g3 Nf6 21. Qf3 Rd7 22. Qd3 Qd8 23. Rf1 Rc8 24. f4 Bd6 25. Nf3 c5 26. d5 exd5 27. Bxf6 Qxf6 28. Ne5 Re7 29. cxd5 g6 30. Rfe1 Rcc7 31. h4 h5 32. Kh2 Kg7 33. Qf3 Re8 34. Bd3 Rd8 1/2-1/2

[Event "Shandong zt 3.5"]
[Site "Shandong"]
[Date "2007.04.29"]
[Round "2"]
[White "Du, Shan"]
[Black "Wang, Yue"]
[Result "0-1"]
[WhiteElo "2399"]
[BlackElo "2656"]
[PlyCount "96"]
[EventDate "2007.04.28"]
[EventType "swiss"]
[EventRounds "9"]
[EventCountry "CHN"]
[SourceTitle "CBM 118 Extra"]
[Source "ChessBase"]
[SourceDate "2007.07.04"]
[SourceVersion "1"]
[SourceVersionDate "2007.07.04"]
[SourceQuality "1"]

1. d4 Nf6 2. Nf3 e6 3. e3 b6 4. Bd3 Bb7 5. 0-0 c5 6. b3 cxd4 7. exd4 Be7 8. Bb2 0-0 9. Nbd2 d6 10. c4 Nbd7 11. a4 a5 12. Qe2 Rc8 13. Rfe1 Rc7 14. d5 e5 15. Rad1 Nc5 16. Bc2 g6 17. Nb1 Nh5 18. Nc3 Bf6 19. Nb5 Rd7 20. Nd2 Nf4 21. Qf3 Bg7 22. Ne4 f5 23. Nxc5 bxc5 24. Qg3 Bc8 25. Bc1 Nh5 26. Qc3 e4 27. Qe3 Be5 28. g3 Rdf7 29. f4 exf3 30. Qxf3 f4 31. g4 Qg5 32. h3 Nf6 33. Rf1 Qh4 34. Rd2 h5 35. Rh2 hxg4 36. hxg4 Qg5 37. Bxf4 Bxf4 38. Qxf4 Nh7 39. Qxf7+ Rxf7 40. Rxf7 Kxf7 41. Rxh7+ Kg8 42. Bxg6 Qxg4+ 43. Kf2 Qxg6 44. Rc7 Qc2+ 45. Kg3 Qxb3+ 46. Kh2 Qh3+ 47. Kg1 Qe3+ 48. Kh2 Qf2+ 0-1

[Event "CHN-chT 2nd"]
[Site "China"]
[Date "2006.10.31"]
[Round "12"]
[White "Du, Shan"]
[Black "Zhang, Zhong"]
[Result "0-1"]
[WhiteElo "2399"]
[BlackElo "2640"]
[PlyCount "98"]
[EventDate "2006.04.04"]
[EventType "team-tourn"]
[EventRounds "18"]
[EventCountry "CHN"]
[SourceTitle "EXT 2017"]
[Source "ChessBase"]
[SourceDate "2016.10.25"]
[SourceVersion "1"]
[SourceVersionDate "2016.10.25"]
[SourceQuality "1"]
[WhiteTeam "Wuxi Huafang Construction"]
[BlackTeam "Heibei"]
[WhiteTeamCountry "CHN"]
[BlackTeamCountry "CHN"]

1. c4 e5 2. Nc3 Nf6 3. g3 Bb4 4. Bg2 0-0 5. e4 Bxc3 6. dxc3 d6 7. Qe2 Nbd7 8. Be3 a6 9. Rd1 Qe7 10. f3 Nc5 11. Nh3 Be6 12. a3 Nb3 13. Ng5 Bd7 14. Bf1 a5 15. g4 a4 16. Qf2 b6 17. Nh3 Ne8 18. Bd3 Na5 19. Qe2 Qh4+ 20. Nf2 Be6 21. Rd2 Nf6 22. 0-0 Nd7 23. Nd1 Nb3 24. Rc2 Ndc5 25. Bf2 Qe7 26. Ne3 f6 27. Nd5 Qf7 28. Bxc5 dxc5 29. f4 exf4 30. Nxf4 Rae8 31. h3 Na5 32. Nd5 c6 33. Ne3 Qc7 34. Qh2 Qf7 35. e5 Nxc4 36. Nxc4 Bxc4 37. Bxc4 Qxc4 38. exf6 Rxf6 39. Rxf6 Re1+ 40. Kg2 Qe4+ 41. Kg3 gxf6 42. Qf2 Re3+ 43. Kh4 Qd3 44. Qh2 Qg6 45. Qf4 Re4 46. Qd2 h5 47. Qd8+ Kg7 48. Qd7+ Kh6 49. Rf2 Re3 0-1

[Event "All China Games 3rd"]
[Site "Suzhou"]
[Date "2006.05.22"]
[Round "6"]
[White "Liang, Jinrong"]
[Black "Du, Shan"]
[Result "1/2-1/2"]
[WhiteElo "2467"]
[BlackElo "2399"]
[PlyCount "87"]
[EventDate "2006.05.20"]
[EventType "swiss"]
[EventRounds "11"]
[EventCountry "CHN"]
[SourceTitle "CBM 112 Extra"]
[Source "ChessBase"]
[SourceDate "2006.07.14"]
[SourceVersion "1"]
[SourceVersionDate "2006.07.14"]
[SourceQuality "1"]

1. e4 c5 2. Nf3 d6 3. d4 Nf6 4. Nc3 cxd4 5. Nxd4 a6 6. Be3 e5 7. Nf3 Be7 8. Bc4 Qc7 9. Bb3 0-0 10. Bg5 Nc6 11. Bxf6 Bxf6 12. Nd5 Qd8 13. c3 b5 14. Qd3 Na5 15. Rd1 Nxb3 16. axb3 Bg5 17. 0-0 Bb7 18. Nxg5 Qxg5 19. Qg3 Qd8 20. Rd2 f5 21. exf5 Rxf5 22. Rfd1 Rg5 23. Qe3 Rg6 24. f3 Qf8 25. Kh1 Re8 26. c4 Qf7 27. Qe2 bxc4 28. bxc4 a5 29. Nc3 Ree6 30. Ne4 Bxe4 31. Qxe4 Qa7 32. Qc6 h6 33. h3 Kh7 34. Qe4 Qb6 35. Qc2 Kg8 36. Rd5 Qe3 37. Qd2 Qb3 38. Rxa5 Qxc4 39. Qd3 Qxd3 40. Rxd3 e4 41. fxe4 Rxe4 42. Rd2 Rb4 43. Ra6 Kh7 44. Raxd6 1/2-1/2

[Event "All China Games 3rd"]
[Site "Suzhou"]
[Date "2006.05.20"]
[Round "2"]
[White "Zhou, Jianchao"]
[Black "Du, Shan"]
[Result "1/2-1/2"]
[WhiteElo "2525"]
[BlackElo "2399"]
[PlyCount "89"]
[EventDate "2006.05.20"]
[EventType "swiss"]
[EventRounds "11"]
[EventCountry "CHN"]
[SourceTitle "CBM 112 Extra"]
[Source "ChessBase"]
[SourceDate "2006.07.14"]
[SourceVersion "1"]
[SourceVersionDate "2006.07.14"]
[SourceQuality "1"]

1. d4 d5 2. c4 e6 3. Nc3 f5 4. Nf3 Nf6 5. Bf4 c6 6. e3 Bd6 7. Bd3 0-0 8. 0-0 b6 9. Qc2 Ne4 10. cxd5 exd5 11. Bxd6 Qxd6 12. Ne5 Nd7 13. f4 Bb7 14. a4 Nxe5 15. dxe5 Qc5 16. Nxe4 Qxc2 17. Bxc2 fxe4 18. a5 g6 19. Rfd1 Rfd8 20. a6 Bc8 21. Bxe4 Bg4 22. Bf3 Bxf3 23. gxf3 c5 24. Kf2 Kf7 25. h4 Ke6 26. Ke2 Rac8 27. h5 g5 28. fxg5 Kxe5 29. f4+ Ke4 30. Rd3 d4 31. Rf1 Rd5 32. Rh1 Re8 33. Rh4 Kf5 34. Kf3 Rxe3+ 35. Rxe3 dxe3 36. Kxe3 Rd7 37. Rh2 Re7+ 38. Kd3 Kxf4 39. g6 Kg5 40. gxh7 Rxh7 41. Kc4 Rxh5 42. Rxh5+ Kxh5 43. Kb5 Kg5 44. Kc6 c4 45. Kb7 1/2-1/2

[Event "CHN-chT 2nd"]
[Site "China"]
[Date "2006.04.06"]
[Round "3"]
[White "Wang, Hao"]
[Black "Du, Shan"]
[Result "1-0"]
[WhiteElo "2605"]
[BlackElo "2399"]
[PlyCount "103"]
[EventDate "2006.04.04"]
[EventType "team-tourn"]
[EventRounds "18"]
[EventCountry "CHN"]
[SourceTitle "EXT 2017"]
[Source "ChessBase"]
[SourceDate "2016.10.25"]
[SourceVersion "1"]
[SourceVersionDate "2016.10.25"]
[SourceQuality "1"]
[WhiteTeam "Beijing"]
[BlackTeam "Wuxi Huafang Construction"]
[WhiteTeamCountry "CHN"]
[BlackTeamCountry "CHN"]

1. e4 d6 2. d4 Nf6 3. Nc3 g6 4. f4 Bg7 5. Nf3 0-0 6. e5 Ng4 7. h3 Nh6 8. g4 f6 9. Bc4+ Kh8 10. e6 b5 11. Nxb5 d5 12. Bd3 Bxe6 13. f5 gxf5 14. Bf4 Bd7 15. Qd2 Nf7 16. gxf5 Na6 17. 0-0-0 c6 18. Nc3 Nb4 19. Rhg1 Nxd3+ 20. Qxd3 Bh6 21. Ne2 Qc7 22. Bxh6 Nxh6 23. Nh4 Rg8 24. b3 Rg5 25. Rxg5 fxg5 26. Nf3 Bxf5 27. Qe3 Nf7 28. Rg1 h6 29. h4 g4 30. Ne5 Nxe5 31. Qxh6+ Bh7 32. Qf4 Nd3+ 33. cxd3 Qxf4+ 34. Nxf4 Bf5 35. Kd2 Kg7 36. Rc1 Bd7 37. Ke3 Rh8 38. Rh1 Rf8 39. Rf1 Rf5 40. Rg1 Rf8 41. Rg2 Kh6 42. Rf2 Rf5 43. Ng2 Kg6 44. Rxf5 Kxf5 45. Nf4 e5 46. Ne2 c5 47. Ng3+ Ke6 48. dxc5 d4+ 49. Ke2 Bc6 50. h5 Kf6 51. h6 Bd7 52. Nh5+ 1-0

[Event "CHN-chT final-B 1st"]
[Site "China"]
[Date "2005.09.12"]
[Round "1"]
[White "Wang, Rui"]
[Black "Du, Shan"]
[Result "0-1"]
[WhiteElo "2475"]
[BlackElo "2399"]
[PlyCount "97"]
[EventDate "2005.11.??"]
[EventType "team-tourn"]
[EventRounds "5"]
[EventCountry "CHN"]
[SourceTitle "EXT 2017"]
[Source "ChessBase"]
[SourceDate "2016.10.25"]
[SourceVersion "1"]
[SourceVersionDate "2016.10.25"]
[SourceQuality "1"]

1. Nf3 d6 2. d4 Bg4 3. c4 Nd7 4. e4 e5 5. Be2 Ngf6 6. Nc3 Be7 7. 0-0 0-0 8. Be3 c6 9. Qc2 Qc7 10. Rfd1 Rfe8 11. Rac1 Bh5 12. h3 a6 13. b4 Rac8 14. Qb1 Bf8 15. d5 c5 16. a3 Bxf3 17. Bxf3 cxb4 18. Qxb4 Qxc4 19. Qxb7 Nc5 20. Bxc5 Qxc5 21. Qxa6 Ra8 22. Qf1 Qa5 23. Nb5 Rab8 24. Rb1 Rec8 25. Rb4 Rc5 26. Rdb1 Rbc8 27. Qd1 Rc2 28. Be2 g6 29. Bd3 R2c5 30. Ra4 Qb6 31. Qd2 Rb8 32. Rbb4 Rbc8 33. Na7 Rc1+ 34. Bf1 Nxe4 35. Qb2 Rxf1+ 36. Kh2 Rcc1 37. Qxc1 Qxf2 38. Qxf1 Qxf1 39. Rxe4 Bh6 40. Nc6 Bf4+ 41. Rxf4 exf4 42. Nd4 Qf2 43. Nf3 g5 44. Re4 h5 45. Ng1 g4 46. hxg4 hxg4 47. Ne2 f5 48. Rxf4 Qxe2 49. Rxf5 0-1

[Event "CHN-chT Torch Real Estate Cup"]
[Site "Wuxi"]
[Date "2005.05.13"]
[Round "12"]
[White "Du, Shan"]
[Black "Ye, Rongguang"]
[Result "1/2-1/2"]
[WhiteElo "2399"]
[BlackElo "2472"]
[PlyCount "78"]
[EventDate "2005.05.08"]
[EventType "team-tourn"]
[EventRounds "13"]
[EventCountry "CHN"]
[SourceTitle "CBM 106 Extra"]
[Source "ChessBase"]
[SourceDate "2005.07.01"]
[SourceVersion "1"]
[SourceVersionDate "2005.07.01"]
[SourceQuality "1"]

1. Nf3 d5 2. c4 dxc4 3. e3 Nf6 4. Bxc4 e6 5. d4 a6 6. 0-0 c5 7. a4 Nc6 8. Nc3 Qc7 9. d5 exd5 10. Nxd5 Nxd5 11. Qxd5 Bd6 12. Rd1 Be6 13. Qe4 0-0-0 14. Bxe6+ fxe6 15. Qxe6+ Kb8 16. Bd2 Ne5 17. Qh3 Nxf3+ 18. gxf3 Ka7 19. Bc3 Be5 20. Qh5 Bxc3 21. bxc3 g6 22. Qg4 Qe5 23. c4 Rd2 24. f4 Qc3 25. Rxd2 Qxd2 26. Qg5 Rc8 27. Qd5 Qb2 28. Qe5 Qe2 29. Qd5 Qb2 30. Rd1 Qb3 31. a5 Qb4 32. Qd7 Rc6 33. e4 Qxa5 34. Qxh7 Qc3 35. Rb1 Rb6 36. Rxb6 Qe1+ 37. Kg2 Qxe4+ 38. f3 Qc2+ 39. Kg3 Kxb6 1/2-1/2

[Event "CHN-chT Torch Real Estate Cup"]
[Site "Wuxi"]
[Date "2005.05.12"]
[Round "11"]
[White "Xu, Hanbing"]
[Black "Du, Shan"]
[Result "1-0"]
[WhiteElo "2290"]
[BlackElo "2399"]
[PlyCount "63"]
[EventDate "2005.05.08"]
[EventType "team-tourn"]
[EventRounds "13"]
[EventCountry "CHN"]
[SourceTitle "CBM 106 Extra"]
[Source "ChessBase"]
[SourceDate "2005.07.01"]
[SourceVersion "1"]
[SourceVersionDate "2005.07.01"]
[SourceQuality "1"]

1. e4 c5 2. Nf3 Nc6 3. Bb5 g6 4. 0-0 Bg7 5. c3 Nf6 6. Qa4 0-0 7. d4 cxd4 8. cxd4 Qc7 9. Nc3 d6 10. Bg5 e6 11. Rac1 Qb8 12. d5 Ne5 13. Nxe5 dxe5 14. Rfd1 a6 15. Be2 b5 16. Qb4 Bd7 17. dxe6 Bxe6 18. Nd5 Nxd5 19. exd5 Bd7 20. d6 f6 21. Rc7 Ra7 22. Qc5 Rxc7 23. dxc7 Qc8 24. Be3 Rf7 25. Bf3 Bf8 26. Qb6 Re7 27. Bb7 Qe8 28. Qxf6 Bc8 29. Bd5+ Be6 30. Bxe6+ Rxe6 31. Rd8 Qc6 32. Rxf8# 1-0

[Event "CHN-chT Torch Real Estate Cup"]
[Site "Wuxi"]
[Date "2005.05.11"]
[Round "10"]
[White "Du, Shan"]
[Black "Wen, Yang"]
[Result "1/2-1/2"]
[WhiteElo "2399"]
[BlackElo "2327"]
[PlyCount "76"]
[EventDate "2005.05.08"]
[EventType "team-tourn"]
[EventRounds "13"]
[EventCountry "CHN"]
[SourceTitle "CBM 106 Extra"]
[Source "ChessBase"]
[SourceDate "2005.07.01"]
[SourceVersion "1"]
[SourceVersionDate "2005.07.01"]
[SourceQuality "1"]

1. e4 c5 2. c4 Nc6 3. Nc3 g6 4. g3 Bg7 5. Bg2 d6 6. Nge2 Nf6 7. 0-0 0-0 8. Rb1 Bd7 9. a3 Qc8 10. b4 Bh3 11. d3 b6 12. Bg5 Bxg2 13. Kxg2 e6 14. Qd2 Ne5 15. Rbd1 Qc6 16. b5 Qb7 17. f4 Ned7 18. Kg1 h6 19. Bh4 Rae8 20. h3 Nh7 21. g4 f5 22. gxf5 exf5 23. Nd5 fxe4 24. dxe4 Ndf6 25. Bxf6 Nxf6 26. Nec3 Nh5 27. Rde1 Kh8 28. Qd3 Qd7 29. Kh1 Rf7 30. Rg1 Nxf4 31. Nxf4 Rxf4 32. Rxg6 Rh4 33. Re3 Be5 34. Rf3 Kh7 35. Rg2 Rf8 36. Rf5 Rf4 37. Rxf8 Rxf8 38. Ne2 Rf6 1/2-1/2

[Event "CHN-chT Torch Real Estate Cup"]
[Site "Wuxi"]
[Date "2005.05.08"]
[Round "7"]
[White "Qiao, Liang"]
[Black "Du, Shan"]
[Result "1-0"]
[WhiteElo "2350"]
[BlackElo "2399"]
[PlyCount "103"]
[EventDate "2005.05.08"]
[EventType "team-tourn"]
[EventRounds "13"]
[EventCountry "CHN"]
[SourceTitle "CBM 106 Extra"]
[Source "ChessBase"]
[SourceDate "2005.07.01"]
[SourceVersion "1"]
[SourceVersionDate "2005.07.01"]
[SourceQuality "1"]

1. e4 c5 2. Nf3 Nc6 3. c3 d5 4. exd5 Qxd5 5. d4 Nf6 6. Be2 e6 7. Na3 cxd4 8. Nb5 Qd8 9. Nbxd4 Nxd4 10. Qxd4 Qxd4 11. Nxd4 Bd6 12. Nb5 Bb8 13. a4 0-0 14. 0-0 e5 15. Be3 Bd7 16. Rfd1 Bc6 17. c4 a6 18. Nc3 Bc7 19. b4 Ne4 20. Nxe4 Bxe4 21. c5 Rfd8 22. b5 axb5 23. axb5 Rxd1+ 24. Rxd1 Kf8 25. f3 Bf5 26. b6 Bd8 27. c6 bxc6 28. b7 Rb8 29. Ba7 Rxb7 30. Rxd8+ Ke7 31. Ra8 Rb1+ 32. Kf2 Rb2 33. Bc5+ Ke6 34. Re8+ Kd5 35. Be3 c5 36. Bxc5 Bd7 37. Rd8 Ke6 38. Ke3 Rc2 39. Bf8 f5 40. Bxg7 f4+ 41. Kd3 Rb2 42. Rxd7 Kxd7 43. Bxe5 Rb3+ 44. Kd2 Rb4 45. Kc3 Rb1 46. Bxf4 Rg1 47. g4 Ke6 48. Bd3 h5 49. gxh5 Kf6 50. h6 Rg8 51. h7 Rc8+ 52. Kd4 1-0

[Event "World University-ch 7th"]
[Site "Ulaanbaatar"]
[Date "2002.09.17"]
[Round "6"]
[White "Batzorig, Tuvshintogs"]
[Black "Du, Shan"]
[Result "1/2-1/2"]
[WhiteElo "2180"]
[BlackElo "2408"]
[PlyCount "172"]
[EventDate "2002.09.11"]
[EventType "swiss"]
[EventRounds "9"]
[EventCountry "MGL"]
[SourceTitle "CBM 090 Extra"]
[Source "ChessBase"]
[SourceDate "2002.11.07"]
[SourceVersion "1"]
[SourceVersionDate "2002.11.07"]
[SourceQuality "1"]

1. d4 d5 2. Nf3 e6 3. c4 c6 4. Qc2 f5 5. Bg5 Nf6 6. e3 Be7 7. Be2 0-0 8. Nc3 Ne4 9. Bxe7 Qxe7 10. Ne5 Nd7 11. Nxd7 Bxd7 12. 0-0 Nd6 13. b3 Qg5 14. f4 Qh6 15. Na4 Ne4 16. Nb2 Be8 17. Nd3 g5 18. Ne5 g4 19. g3 Qh3 20. Bd3 Nxg3 21. hxg3 Qxg3+ 22. Qg2 Qxe3+ 23. Qf2 Qh3 24. Rae1 Qh6 25. Kg2 Qh3+ 26. Kg1 Qh6 27. Qh2 Qf6 28. Kf2 h5 29. Kg3 dxc4 30. Bxc4 b5 31. Be2 Rd8 32. Qh4 Rxd4 33. Qxf6 Rxf6 34. Rd1 h4+ 35. Kxh4 Rh6+ 36. Kg3 Re4 37. Rd2 Rh3+ 38. Kg2 Kf8 39. Bd3 Rd4 40. Rdd1 Ke7 41. Bb1 Rxd1 42. Rxd1 a5 43. Bd3 c5 44. Rd2 Re3 45. Kf2 Rh3 46. Bf1 Rc3 47. Bg2 b4 48. Bc6 a4 49. bxa4 Ra3 50. Nc4 g3+ 51. Kg1 Rc3 52. Bxe8 Rxc4 53. Bb5 Rxf4 54. a5 Rf3 55. a6 Ra3 56. Rd7+ Kf6 57. a7 Rxa2 58. Bc6 b3 59. a8Q Rxa8 60. Bxa8 c4 61. Bf3 c3 62. Bd1 c2 63. Bxc2 bxc2 64. Rc7 f4 65. Rxc2 Kf5 66. Kg2 e5 67. Rc4 Kg4 68. Re4 Kf5 69. Kf3 Kf6 70. Rb4 Kf5 71. Ra4 Kg5 72. Ra8 Kf5 73. Rf8+ Kg5 74. Ke4 Kg4 75. Rg8+ Kh3 76. Kf3 Kh2 77. Rh8+ Kg1 78. Re8 Kf1 79. Ra8 e4+ 80. Kxe4 g2 81. Kf3 g1N+ 82. Kxf4 Ne2+ 83. Ke3 Ng1 84. Rg8 Nh3 85. Rg7 Ng1 86. Rg3 Ne2 1/2-1/2